000 00780cam a2200169 4500500
005 20260111093211.0
041 _afre
042 _adc
100 1 0 _aBenhessa, Ghislain
_eauthor
700 1 0 _aBittinger, Nathalie
_eauthor
245 0 0 _aPoudre aux yeux
260 _c2017.
500 _a93
520 _aLa tâche du poète consiste à retrouver la présence du monde à travers l’énigme du langage, accompagnée de réflexion et en dialogue avec les arts. L’Écharpe rouge, roman familial et récit d’enfance, rappelle que la poésie est indispensable à une société malade de son langage.
786 0 _nEsprit | Février | 2 | 2017-01-27 | p. 100-106 | 0014-0759
856 4 1 _uhttps://shs.cairn.info/revue-esprit-2017-2-page-100?lang=fr&redirect-ssocas=7080
999 _c1625694
_d1625694